Miller's guide to framing & roofing

Uloženo v:
Podrobná bibliografie
Hlavní autor: Miller, Mark R.
Médium: Kniha
Jazyk:Undetermined
Vydáno: New York McGraw-Hill 2005
Témata:
Tagy: Přidat tag
Žádné tagy, Buďte první, kdo otaguje tento záznam!
Thư viện lưu trữ: Trung tâm Học liệu Trường Đại học Cần Thơ
LEADER 00508nam a2200193Ia 4500
001 CTU_97556
008 210402s9999 xx 000 0 und d
020 |c 18.95 
082 |a 694.2 
082 |b M649 
100 |a Miller, Mark R. 
245 0 |a Miller's guide to framing & roofing 
245 0 |c Mark R. Miller 
260 |a New York 
260 |b McGraw-Hill 
260 |c 2005 
650 |a Framing (building),Roofs,Roofing 
904 |i Truc 
980 |a Trung tâm Học liệu Trường Đại học Cần Thơ